| 000 | 00927nam a22002417a 4500 | ||
|---|---|---|---|
| 008 | 130821s2011 sp gr spa | ||
| 020 | _a9788415276043 (en España) | ||
| 020 | _a9789974676756 (en América) | ||
| 040 |
_aCO-BoUCM _bspa _cAngélica Rojas _dAldemar Mondragón |
||
| 041 | 0 | 0 | _aspa |
| 100 | 1 |
_aMedina Ariza, Juanjo _929970 |
|
| 245 | 1 | 0 |
_aPolíticas y estrategias de prevención del delito y seguridad ciudadana _cJuanjo Medina Ariza |
| 260 |
_aMadrid (España) _bEdisofer Editorial B de F _c2011 |
||
| 300 | _axxiii, 559 páginas | ||
| 490 | 0 |
_aActualidad Criminológica y Penal _v4 |
|
| 504 | _aIncluye referencias bibliográficas | ||
| 650 |
_aProblemas sociales _922324 |
||
| 650 | 7 |
_aPrevención del delito _922272 |
|
| 650 | 7 |
_aRehabilitación de delincuentes _923389 |
|
| 650 | 7 |
_aSeguridad ciudadana _924088 |
|
| 942 |
_cLIBRO _a8 _e1 _mM491p _2DEWEY _h364.4 |
||
| 999 |
_c165093 _d165093 |
||